000 00749nam a2200241 a 4500
001 000022927
005 20250701132841.0
008 101123s2001 ck a 001 0 spa d
020 _a9586990230
040 _aDO-SdBNP
_bspa
_cBNPHU
082 _a658.421
_bV293i, 2001
100 1 _aVarela, Rodrigo
_947138
245 1 0 _aInnovación empresarial :
_barte y ciencia en la creación de empresas /
_cRodrigo Varela.
250 _a2a ed.
260 _aBogotá :
_bPearson Educación de Colombia,
_c2001.
300 _axviii, 382 p. :
_bil. ;
_c25 cm.
500 _aIncluye índice.
650 0 _aAdministración industrial
_95872
650 0 _aDesarrollo económico
_985548
650 4 _aEconomía gerencial
_98305
910 _aWM
049 _aBNGR
999 _c22424
_d22424